[Event "PERNIL DEFUMADO"]
[Site "http://www.queenalice.com/game.php?id=263520"]
[Date "2007.8.29"]
[Round "-"]
[White "fbdaniel"]
[Black "green_top_husk"]
[Result "1-0"]
[WhiteElo "1430"]
[BlackElo "1126"]

1. e4 a5 2. Nh3 Ra6 3. Qf3 d6 4. Ng5 Qd7 5. Qxf7+ Kd8 6. Qxf8+ Qe8 7. Nf7+ Kd7
8. Qxg7 Nf6 9. Bb5+ Ke6 10. f4 Qxb5 11. Ng5+ Kd7 12. Qxh8 d5 13. Nf7 dxe4 14.
Qd8+ Ke6 15. Ng5+ Kf5 16. Qxc8+ Nfd7 17. Qh8 Qc5 18. d4 Qxc2 19. Qxh7+ Kf6 20.
Qf7# 1-0

[Event "<>=<>=<>"]
[Site "http://www.queenalice.com/game.php?id=264854"]
[Date "2007.9.1"]
[Round "-"]
[White "fbdaniel"]
[Black "MaxPayne"]
[Result "1-0"]
[WhiteElo "1417"]
[BlackElo "1041"]

1. Nh3 e5 2. e4 Nc6 3. Qf3 Nf6 4. Ng5 Nd4 5. Qc3 Bb4 6. Qc4 d5 7. Qxb4 Nxc2+ 8.
Kd1 Nxb4 9. Nc3 dxe4 10. Bc4 O-O 11. a3 1-0

[Event "Challenge"]
[Site "http://www.queenalice.com/game.php?id=266972"]
[Date "2007.9.4"]
[Round "-"]
[White "fbdaniel"]
[Black "rdaigle2003"]
[Result "1-0"]
[WhiteElo "1370"]
[BlackElo "1480"]

1. e3 d5 2. Nf3 Bg4 3. h3 Bh5 4. g4 Bg6 5. h4 h6 6. h5 Be4 7. Nc3 Bxf3 8. Qxf3
e6 9. e4 Bb4 10. Bd3 Nc6 11. exd5 Bxc3 12. dxc6 Bd4 13. cxb7 Rb8 14. O-O Qd5 15.
Be4 Qe5 16. c3 Nf6 17. Re1 Bxf2+ 18. Kxf2 Ke7 19. d4 Qh2+ 20. Ke3 Nxe4 21. Qxe4
Rhg8 22. b3 g6 23. Ba3+ Kd8 24. d5 e5 25. d6 Qf4+ 26. Kd3 Qxe4+ 27. Rxe4 f6 28.
Rf1 cxd6 29. Bxd6 Rxb7 30. Rxf6 Rd7 31. c4 Kc8 32. c5 Kb7 33. Rc4 Kc6 34. Ke4 a5
35. Bxe5+ Kb5 36. Rb6# 1-0

[Event "Challenge"]
[Site "http://www.queenalice.com/game.php?id=272155"]
[Date "2007.9.15"]
[Round "-"]
[White "fbdaniel"]
[Black "JAYMAC10"]
[Result "0-1"]
[WhiteElo "1434"]
[BlackElo "1295"]

1. e4 e5 2. Nf3 Nc6 3. h4 d5 4. Ng5 f6 5. exd5 Qxd5 6. Nc3 Qc5 7. Nge4 Qd4 8. d3
Bb4 9. Be3 Bxc3+ 10. bxc3 Qd5 11. f4 Bf5 12. c4 Qa5+ 13. c3 O-O-O 14. Nc5 Qxc3+
15. Bd2 Qa3 16. g4 Qxc5 17. gxf5 exf4 18. Qg4 Qe5+ 19. Kf2 Qxa1 20. Qxg7 Qd4+
21. Kf3 Ne5+ 22. Ke2 f3+ 23. Kd1 Qa1+ 24. Bc1 Nxd3 25. Rh2 Nxc1+ 26. Rd2 Nb3+
27. Kc2 Rxd2+ 28. Kxb3 Qb2+ 29. Ka4 Qxa2+ 30. Kb5 Qb3+ 31. Kc5 Qb6# 0-1

[Event "Skull"]
[Site "http://www.queenalice.com/game.php?id=273449"]
[Date "2007.9.18"]
[Round "-"]
[White "fbdaniel"]
[Black "upanchor"]
[Result "1-0"]
[WhiteElo "1466"]
[BlackElo "1174"]

1. e4 c6 2. Nf3 Nh6 3. d4 Qb6 4. Nc3 Ng4 5. Ng5 c5 6. Qxg4 Qg6 7. Nb5 e6 8. Nc7+
Kd8 9. Nxa8 Bd6 10. e5 Be7 11. Qf4 Bxg5 12. Qf3 Qxc2 13. Bxg5+ f6 14. Bxf6+ gxf6
15. Qxf6+ Ke8 16. Nc7# 1-0

[Event "Challenge"]
[Site "http://www.queenalice.com/game.php?id=274329"]
[Date "2007.9.20"]
[Round "-"]
[White "Tiagoviegas"]
[Black "fbdaniel"]
[Result "1-0"]
[WhiteElo "1453"]
[BlackElo "1470"]

1. e4 e5 2. Nf3 d5 3. Nxe5 Qf6 4. d4 Nh6 5. exd5 Bd6 6. f4 Nd7 7. Qe2 Nb6 8.
Ng6+ Kd8 9. Nxh8 Bg4 10. Qd3 Qe7+ 11. Be2 Bf5 12. Qg3 Qe4 13. Nd2 Qxd4 14. c3
Qxd5 15. Qxg7 Qe6 16. Nf3 Bg4 17. f5 Qe8 18. Bxh6 Be5 19. Nxe5 Bh5 20. Bxh5 Qb5
21. Bg5+ Kc8 22. Qf8+ Qe8 23. Qxe8# 1-0

[Event "AUTO-OPEN-655"]
[Site "http://www.queenalice.com/game.php?id=277064"]
[Date "2007.9.25"]
[Round "2"]
[White "fbdaniel"]
[Black "Lightningzap007"]
[Result "0-1"]
[WhiteElo "1457"]
[BlackElo "1483"]

1. e4 Nc6 2. Nf3 d6 3. Nc3 g6 4. Ng5 Bg7 5. Bc4 e6 6. Qf3 Ne5 7. Qf4 Bf6 8. h4
Nxc4 9. d3 Nb6 10. a4 Bxc3+ 11. bxc3 Qf6 12. c4 h6 13. Nh3 Qxa1 14. O-O Qf6 15.
g4 Qxf4 0-1

[Event "Skull x Upanchor - kkkkkkkkkkkk"]
[Site "http://www.queenalice.com/game.php?id=277479"]
[Date "2007.9.26"]
[Round "-"]
[White "fbdaniel"]
[Black "upanchor"]
[Result "1-0"]
[WhiteElo "1453"]
[BlackElo "1188"]

1. e4 e5 2. Nf3 Nf6 3. Nxe5 Nxe4 4. Qf3 Qf6 5. Qxe4 d6 6. Ng4+ Be6 7. Nxf6+ gxf6
8. Qxb7 Be7 9. Qxa8 O-O 10. Bd3 f5 11. Qf3 Bg5 12. h4 d5 13. hxg5 Nc6 14. Qh3 f4
15. Qxh7# 1-0

[Event "Skull"]
[Site "http://www.queenalice.com/game.php?id=288278"]
[Date "2007.10.17"]
[Round "-"]
[White "fbdaniel"]
[Black "eriquec"]
[Result "1-0"]
[WhiteElo "1486"]
[BlackElo "1076"]

1. e4 Nf6 2. e5 Nd5 3. Qf3 e6 4. c4 Ne7 5. Nh3 Ng6 6. d4 Qh4 7. Ng5 Qxd4 8.
Qxf7+ Kd8 9. Nxe6+ dxe6 10. Bg5+ Ne7 11. Bc1 Nd7 12. Nc3 Nxe5 13. Qh5 g6 14. Be3
Qg4 15. Qxe5 Rg8 16. Nb5 Bd7 17. Qxc7+ Ke8 18. h3 Qh4 19. Nd6# 1-0